000 00360 a2200169 4500
001 189886
020 _a85-16-05058-0
040 _cMagnum
100 _aCarrasco, Walcyr
240 1 0 _aEm busca de um sonho
_lpor
245 1 0 _aEm busca de um sonho
300 _a160
362 0 _a2006
440 1 _aModerna
697 _aLITERATURA JUVENIL
942 _cBK
999 _c189886
_d189886